000 00346 a2200157 4500
001 56467
020 _a8526231995
040 _cAnchieta - Pituba
100 _aAndrade, Telma Guimarães Castro
240 1 0 _aAgenda poética
_lpor
245 1 0 _aAgenda poética
300 _a79
362 0 _a2004
650 4 _aLiteratura juvenil
942 _cBK
999 _c56467
_d56467